000 00600nam a2200205Ii 4500
001 10696
003 CO-ViMGA
008 241108s9999||||xx |||||||||||||| ||und||
040 _aCO-ViMGA
_bspa
_erda
_cCO-ViMGA
041 0 _aunk
082 0 4 _a150-A637
100 1 _aGabriel Anzola Gómez
_954660
245 1 0 _aLecciones de Psicologia
264 1 _a[Lugar de publicación no identificado] : Santafé, 1944
300 _avolumen
336 _atext
_btxt
_2rdacontent
337 _aunmediated
_bn
_2rdamedia
338 _avolume
_bnc
_2rdacarrier
940 _aidficha_siabuc: 10441. -- ficha_no_siabuc:10696
999 _c51785
_d51785